| 000 | 00920nam 22002533 4500 | ||
|---|---|---|---|
| 001 | 200259 | ||
| 010 | _a978-972-47-5013-2 | ||
| 021 |
_aPT _b428921/17 |
||
| 090 | _a200259 | ||
| 100 | _a20260129d u||y0pory50 ba | ||
| 101 | _apor | ||
| 200 |
_aEnciclopédia dos Porquês _eRespostas Geniais a Perguntas Desconcertantes _fFleur Star (dir. ed.) _gTradução de Dina Antunes ; Ilustração de Adam Benton [et al.] |
||
| 205 | _a2ª | ||
| 210 |
_aAlfragide _cTexto Editores _d2017 |
||
| 215 |
_a160 p. : todo il. _cEncadernado _d29 cm |
||
| 300 | _aFactos fantásticos para mentes curiosas | ||
| 304 | _aTít. orig.: Why? Enciclopedia | ||
| 606 |
_916084 _aGeneralidades _xDivulgação da Ciência _zInfantojuvenil |
||
| 675 |
_a001.92(0.053.2)/STA/ENC _vPT _zpor |
||
| 700 |
_916085 _aStar _bFleur |
||
| 701 |
_916086 _aBenton _bAdam |
||
| 801 |
_aPT _bBMMN _gRPC |
||
| 830 |
_cCarlos Pinto _d29-01-2026 _fCarlos Pinto |
||
| 990 | _cLIVROS | ||